Las monarquías española y francesa (siglos XVI-XVIII) (Record no. 184522)

MARC details
000 -LEADER
campo de control de longitud fija 01271nam a2200301 i 4500
001 - NÚMERO DE CONTROL
campo de control 184522
003 - IDENTIFICADOR DE NÚMERO DE CONTROL
campo de control ES-MaACL
005 - FECHA Y HORA DE LA ÚLTIMA TRANSACCIÓN
campo de control 20231119161115.0
008 - DATOS DE LONGITUD FIJA--INFORMACIÓN GENERAL
campo de control de longitud fija 151007s2010 sp d |||| | spa d
020 ## - NÚMERO INTERNACIONAL ESTÁNDAR DEL LIBRO
Número Internacional Estándar del Libro 978-84-96820-55-5
080 ## - NÚMERO DE LA CLASIFICACIÓN DECIMAL UNIVERSAL
Número de la Clasificación Decimal Universal 321.61(460)"15/17"
080 ## - NÚMERO DE LA CLASIFICACIÓN DECIMAL UNIVERSAL
Número de la Clasificación Decimal Universal 321.61(44)"15/17"
245 04 - MENCIÓN DEL TÍTULO
Título Las monarquías española y francesa (siglos XVI-XVIII)
Resto del título : ¿dos modelos políticos? /
Mención de responsabilidad, etc. estudios reunidos por Anne Dubet y José Javier Ruiz Ibáñez ; prefacio de Francisco Javier Guillamón Álvarez.
260 ## - PUBLICACIÓN, DISTRIBUCIÓN, ETC.
Lugar de publicación, distribución, etc. Madrid :
Nombre del editor, distribuidor, etc. Casa de Velázquez,
Fecha de publicación, distribución, etc. 2010.
300 ## - DESCRIPCIÓN FÍSICA
Extensión XV, 254 p. :
Otras características físicas gráf. ;
Dimensiones 24 cm.
490 1# - MENCIÓN DE SERIE
Mención de serie Collection de la Casa de Velázquez ;
Designación de volumen o secuencia 117
504 ## - NOTA DE BIBLIOGRAFÍA, ETC.
Nota de bibliografía, etc. Bibliografía: p. [223]-254.
650 ## - PUNTO DE ACCESO ADICIONAL DE MATERIA--TÉRMINO DE MATERIA
Término de materia o nombre geográfico como elemento de entrada Monarquía-
Subdivisión geográfica España-
Subdivisión de forma Historia.
9 (RLIN) 15145
650 #7 - PUNTO DE ACCESO ADICIONAL DE MATERIA--TÉRMINO DE MATERIA
Término de materia o nombre geográfico como elemento de entrada Monarquía-
Subdivisión geográfica Francia-
Subdivisión cronológica S.XVI-XVIII.
9 (RLIN) 157844
700 1# - ENTRADA AGREGADA--NOMBRE PERSONAL
Nombre de persona Dubet, Anne.
9 (RLIN) 157845
700 1# - ENTRADA AGREGADA--NOMBRE PERSONAL
Nombre de persona Ruiz Ibáñez, José Javier.
9 (RLIN) 157846
700 1# - ENTRADA AGREGADA--NOMBRE PERSONAL
Nombre de persona Guillamón Álvarez, Francisco Javier.
9 (RLIN) 157847
830 0# - PUNTO DE ACCESO ADICIONAL DE SERIE-TÍTULO UNIFORME
Título uniforme Collection de la Casa de Velázquez ;
Designación de volumen o secuencia 117
9 (RLIN) 188870
852 ## - LOCALIZACIÓN
Ubicación ES-MaACL
Número de control de estantería A-13573
itemnumber 191521
Sublocalización o colección R.150793
Ubicación en estantería Depósito 1
Signatura antigua Olim: N-6573
Donativo/Legado Donación: Real Academia Española
914 ## - NOMBRE ENTIDAD DE DONANTE
RLIN 6336
Nombre de congreso/reunión o jurisdicción como elemento de entrada Real Academia Española
Unidad subordinada Donante
942 ## - ELEMENTOS DE ENTRADA SECUNDARIOS (KOHA)
Fuente del sistema de clasificación o colocación Clasificación decimal universal
Tipo de ítem Koha Libro impreso
Holdings
Estatus retirado Estado de pérdida Fuente del sistema de clasificación o colocación Estado de daño No para préstamo Biblioteca de origen Biblioteca actual Ubicación en estantería Fecha de adquisición Fuente de adquisición Total de préstamos Signatura topográfica completa Código de barras Visto por última vez Precio de reemplazo Tipo de ítem Koha
    Clasificación decimal universal     Biblioteca del Ateneo de Madrid Biblioteca del Ateneo de Madrid Depósito 1 07/10/2015 Donación   A-13573 1194225 23/02/2023 23/02/2023 Libro impreso